[Event "25. Torneo Colllado Villalba"]
[Site "Collado Villalba ESP"]
[Date "2008.08.30"]
[Round "9.3"]
[White "Dgebuadze, Alexandre"]
[Black "Castellanos Rodriguez, Renier"]
[Result "1-0"]
[WhiteElo "2562"]
[BlackElo "2438"]
[PlyCount "43"]
[EventDate "2008.08.22"]
[EventType "swiss"]
[EventRounds "9"]
[EventCountry "ESP"]
[Source "lmi"]
[SourceDate "2008.08.22"]

1. e4 c5 2. Nf3 e6 3. d4 cxd4 4. Nxd4 a6 5. Bd3 g6 6. Nc3 Bg7 7. Nf3 Ne7 8. Bf4
d5 9. Qd2 Nbc6 10. Bh6 O-O 11. h4 dxe4 12. Bxg7 Kxg7 13. Nxe4 Qa5 14. Qxa5 Nxa5
15. h5 f6 16. hxg6 hxg6 17. O-O-O e5 18. Rh4 f5 19. Neg5 Nac6 20. Rh7+ Kf6 21.
Bc4 Nd4 22. Nxd4 1-0

[Event "25. Torneo Colllado Villalba"]
[Site "Collado Villalba ESP"]
[Date "2008.08.30"]
[Round "9.9"]
[White "Ivanovitch Balsinde, Nicolas"]
[Black "Sanchez Guirado, Francisco"]
[Result "1/2-1/2"]
[WhiteElo "2149"]
[BlackElo "2415"]
[PlyCount "73"]
[EventDate "2008.08.22"]
[EventType "swiss"]
[EventRounds "9"]
[EventCountry "ESP"]
[Source "lmi"]
[SourceDate "2008.08.22"]

1. e4 d6 2. d4 Nf6 3. Nc3 g6 4. Be3 c6 5. Qd2 b5 6. f3 Nbd7 7. d5 cxd5 8. Nxd5
Bg7 9. Bh6 O-O 10. Bxg7 Kxg7 11. Bxb5 Nxd5 12. Bxd7 Qb6 13. Bxc8 Qxb2 14. Rc1
Nb4 15. Bb7 Rab8 16. Bd5 Rfc8 17. Ne2 Rc5 18. Bb3 Nxa2 19. Bxa2 Qxa2 20. O-O
Rb2 21. Qd4+ e5 22. Qxd6 Qc4 23. Rfd1 a5 24. Rd5 Rxd5 25. Qxd5 Qc7 26. f4 Qb6+
27. Kf1 Rb5 28. Qd3 Kg8 29. Nc3 Rb2 30. Na4 Qf6 31. Rd1 Qxf4+ 32. Kg1 Rb4 33.
Qd8+ Kg7 34. Rf1 Qe3+ 35. Kh1 Rxa4 36. Qf6+ Kh6 37. Qh4+ 1/2-1/2

[Event "25. Torneo Colllado Villalba"]
[Site "Collado Villalba ESP"]
[Date "2008.08.30"]
[Round "9.10"]
[White "Babaev, Rashad"]
[Black "Vega Gomez, Francisco B"]
[Result "1-0"]
[WhiteElo "2484"]
[BlackElo "2170"]
[PlyCount "117"]
[EventDate "2008.08.22"]
[EventType "swiss"]
[EventRounds "9"]
[EventCountry "ESP"]
[Source "lmi"]
[SourceDate "2008.08.22"]

1. e4 d5 2. exd5 Qxd5 3. Nc3 Qe5+ 4. Be2 c6 5. Nf3 Qc7 6. d4 Nf6 7. O-O Bg4 8.
d5 Nxd5 9. Nxd5 cxd5 10. Qxd5 e6 11. Qb5+ Nc6 12. Bf4 Qc8 13. h3 a6 14. Qb6 Bh5
15. g4 Bg6 16. Nd4 Nxd4 17. Qxd4 f6 18. Bc4 Bc5 19. Qc3 O-O 20. Rad1 Kh8 21.
Bb3 e5 22. Be3 Bxe3 23. Qxe3 Qc7 24. Rd5 Bf7 25. Rd2 Bxb3 26. Qxb3 f5 27. Rfd1
fxg4 28. hxg4 e4 29. Qe3 Rae8 30. Rd7 Qe5 31. R1d4 Rf3 32. Qxe4 Qxe4 33. Rxe4
Ref8 34. Rd2 h6 35. Kg2 R8f7 36. Re3 R3f4 37. Kg3 Kh7 38. f3 Ra4 39. a3 Rc7 40.
Re4 Ra5 41. Red4 Rac5 42. c3 b5 43. Rd7 a5 44. Rxc7 Rxc7 45. Rd4 g5 46. Kf2 Rc5
47. Ke3 h5 48. Rd7+ Kg6 49. Rd6+ Kh7 50. gxh5 b4 51. cxb4 axb4 52. axb4 Rc2 53.
b5 Rxb2 54. b6 Rb4 55. h6 Kh8 56. Kd3 g4 57. fxg4 Rxg4 58. Rd8+ Kh7 59. b7 1-0

[Event "25. Torneo Colllado Villalba"]
[Site "Collado Villalba ESP"]
[Date "2008.08.30"]
[Round "9.12"]
[White "Elissalt Cardenas, Hector"]
[Black "Arauz Alonso, Fernando"]
[Result "1-0"]
[WhiteElo "2329"]
[BlackElo "2097"]
[PlyCount "133"]
[EventDate "2008.08.22"]
[EventType "swiss"]
[EventRounds "9"]
[EventCountry "ESP"]
[Source "lmi"]
[SourceDate "2008.08.22"]

1. c4 c5 2. Nf3 g6 3. g3 Nc6 4. Bg2 Bg7 5. O-O e6 6. e4 Nge7 7. Nc3 O-O 8. d3
d6 9. a3 b6 10. h4 Bb7 11. Bf4 Nd4 12. Nxd4 cxd4 13. Ne2 f5 14. Bg5 h6 15. Bxe7
Qxe7 16. Nf4 Qe8 17. h5 gxh5 18. exf5 Bxg2 19. Kxg2 Rxf5 20. Rh1 Qf7 21. Rxh5
Rxh5 22. Qxh5 Qxh5 23. Nxh5 Kf7 24. f4 b5 25. cxb5 Rc8 26. Rf1 Bf8 27. g4 Rc5
28. a4 Rc2+ 29. Rf2 Rc1 30. Kf3 d5 31. a5 Rc5 32. b6 axb6 33. a6 Ra5 34. Rc2
Rxa6 35. Rc7+ Kg6 36. Rc6 Kf7 37. f5 exf5 38. gxf5 Ra1 39. Rxb6 Rh1 40. Rb7+
Be7 41. Nf4 Rf1+ 42. Kg4 Ke8 43. Nxd5 h5+ 44. Kh3 Bg5 45. Nc7+ Kf7 46. Nb5+ Kf6
47. Nxd4 Ke5 48. Kg2 Rd1 49. Nf3+ Kf4 50. Rb4+ Kxf5 51. Rb5+ Kf4 52. Rxg5 h4
53. Rh5 Ke3 54. Re5+ Kf4 55. Re4+ Kf5 56. Nxh4+ Kf6 57. Nf3 Rxd3 58. b4 Rb3 59.
Kg3 Kf5 60. Rf4+ Kg6 61. Kg4 Rb1 62. Ne5+ Kg7 63. Kf5 Kf8 64. Ke6+ Ke8 65. Rg4
Kd8 66. Rc4 Re1 67. b5 1-0

[Event "25. Torneo Colllado Villalba"]
[Site "Collado Villalba ESP"]
[Date "2008.08.30"]
[Round "9.14"]
[White "Ibanez Aullana, Jose Ramon"]
[Black "Cao Armillas, Jesus"]
[Result "1/2-1/2"]
[WhiteElo "2301"]
[BlackElo "2170"]
[PlyCount "78"]
[EventDate "2008.08.22"]
[EventType "swiss"]
[EventRounds "9"]
[EventCountry "ESP"]
[Source "lmi"]
[SourceDate "2008.08.22"]

1. d4 Nf6 2. c4 e6 3. Nf3 b6 4. g3 Ba6 5. b3 Bb4+ 6. Bd2 Be7 7. Bg2 O-O 8. O-O
d5 9. Ne5 c6 10. Bc3 Nfd7 11. Nxd7 Nxd7 12. Nd2 Rc8 13. e4 dxe4 14. Nxe4 Nf6
15. Qc2 Nxe4 16. Bxe4 h6 17. Qb2 Rc7 18. Rad1 Bf6 19. h4 Bb7 20. Bb1 Qd7 21.
Qc2 g6 22. h5 c5 23. d5 Bxc3 24. Qxc3 exd5 25. cxd5 Qd6 26. Rfe1 Bc8 27. Qc4
Kg7 28. Re3 Rd8 29. Qc3+ Qf6 30. Qc4 Rd6 31. Be4 Bg4 32. Rde1 gxh5 33. Kg2 Re7
34. Bf3 Rxe3 35. Rxe3 Bxf3+ 36. Rxf3 Qe5 37. Rd3 Kg8 38. Rd2 a5 39. a4 Qg5
1/2-1/2

[Event "25. Torneo Colllado Villalba"]
[Site "Collado Villalba ESP"]
[Date "2008.08.30"]
[Round "9.16"]
[White "Perez De Aranda A, Leonardo I"]
[Black "Torres Samper, Rafael"]
[Result "1-0"]
[WhiteElo "2233"]
[BlackElo "2068"]
[PlyCount "113"]
[EventDate "2008.08.22"]
[EventType "swiss"]
[EventRounds "9"]
[EventCountry "ESP"]
[Source "lmi"]
[SourceDate "2008.08.22"]

1. e4 c5 2. c4 d6 3. g3 g6 4. Bg2 Bg7 5. Ne2 Nc6 6. O-O e5 7. Nbc3 Nge7 8. Rb1
O-O 9. a3 a5 10. h3 Be6 11. d3 Rb8 12. b4 b6 13. Nd5 Nd4 14. f4 f5 15. bxc5
Bxd5 16. cxd6 Nec6 17. cxd5 Nxe2+ 18. Qxe2 Nd4 19. Qa2 Rc8 20. Rf2 exf4 21.
Bxf4 g5 22. d7 Rc5 23. Bd6 Nb5 24. Bxc5 Nc3 25. Qc2 bxc5 26. Rb3 Bd4 27. Kh1
Bxf2 28. Qxf2 fxe4 29. Qxc5 Ne2 30. dxe4 Qxd7 31. d6 Qe6 32. Qxg5+ Kh8 33. Rd3
Qa2 34. Qe5+ Kg8 35. Qd5+ Qxd5 36. Rxd5 Nxg3+ 37. Kh2 Ne2 38. d7 Rd8 39. Bf1
Nf4 40. Rd6 Kf7 41. Bb5 Ke7 42. Ra6 Rb8 43. a4 Ne6 44. Ra7 Nd8 45. Ra6 Ne6 46.
Rc6 Rf8 47. Rc8 Nd8 48. Kg3 Rf6 49. Rc5 Ne6 50. Re5 Kd8 51. h4 Rg6+ 52. Kf2 Kc7
53. Rd5 Nd8 54. Rc5+ Kb7 55. Rc8 Rg8 56. e5 h5 57. Bc6+ 1-0

[Event "25. Torneo Colllado Villalba"]
[Site "Collado Villalba ESP"]
[Date "2008.08.30"]
[Round "9.18"]
[White "De La Fuente Gonzalez, Francisc"]
[Black "Gordillo, Manuel"]
[Result "1-0"]
[WhiteElo "2232"]
[BlackElo "2022"]
[PlyCount "77"]
[EventDate "2008.08.22"]
[EventType "swiss"]
[EventRounds "9"]
[EventCountry "ESP"]
[Source "lmi"]
[SourceDate "2008.08.22"]

1. c4 b6 2. Nf3 Bb7 3. g3 c5 4. Bg2 e5 5. Nc3 d6 6. e4 Na6 7. d3 Nc7 8. Qa4+
Qd7 9. Qxd7+ Kxd7 10. O-O Be7 11. Bd2 h6 12. a3 Bf6 13. b4 Ne7 14. Bh3+ Kd8 15.
b5 Bc8 16. Bxc8 Kxc8 17. a4 g5 18. h3 Bg7 19. a5 Kb7 20. Kg2 Ne6 21. Ra2 Rhe8
22. Rfa1 Nc7 23. Ne1 Ng6 24. Nc2 Rg8 25. Ne3 Ne7 26. Ned5 Ncxd5 27. Nxd5 Nxd5
28. cxd5 Bf6 29. axb6 axb6 30. Rxa8 Rxa8 31. Rxa8 Kxa8 32. f4 Kb7 33. fxg5 hxg5
34. Kf3 Kc7 35. Kg4 Kd7 36. Bxg5 Bg7 37. Kf5 Ke8 38. h4 Bh8 39. h5 1-0

[Event "25. Torneo Colllado Villalba"]
[Site "Collado Villalba ESP"]
[Date "2008.08.30"]
[Round "9.19"]
[White "Saez Gabikagogeaskoa, Oscar"]
[Black "Sanchez Gonzalez, Sergio"]
[Result "0-1"]
[WhiteElo "2014"]
[BlackElo "2228"]
[PlyCount "94"]
[EventDate "2008.08.22"]
[EventType "swiss"]
[EventRounds "9"]
[EventCountry "ESP"]
[Source "lmi"]
[SourceDate "2008.08.22"]

1. e4 c5 2. Nf3 d6 3. d4 Nf6 4. Nc3 cxd4 5. Nxd4 e6 6. g4 h6 7. h4 Nc6 8. Rg1
h5 9. gxh5 Nxh5 10. Bg5 Qb6 11. Ndb5 a6 12. Be3 Qd8 13. Bg5 Nf6 14. Nd4 Qb6 15.
Nb3 Bd7 16. Be2 Ne5 17. Qd4 Qxd4 18. Nxd4 b5 19. a3 Ng6 20. Bxf6 gxf6 21. h5
Nf4 22. Bf3 O-O-O 23. O-O-O Nxh5 24. Nde2 Kc7 25. Kb1 Ng7 26. Rh1 Be7 27. Rdg1
Rxh1 28. Rxh1 f5 29. Rh7 fxe4 30. Nxe4 Rg8 31. N2g3 f5 32. Nc3 Bf6 33. Nce2 Be5
34. c3 Ne8 35. Nh5 Nf6 36. Nxf6 Bxf6 37. Nf4 Kd8 38. Rh6 Ke7 39. Kc2 d5 40.
Bxd5 Bg7 41. Rg6 exd5 42. Nxd5+ Kf7 43. Rxa6 Be5 44. Ra7 Ke6 45. Ne3 f4 46. Nd5
Kxd5 47. Rxd7+ Ke4 0-1

[Event "25. Torneo Colllado Villalba"]
[Site "Collado Villalba ESP"]
[Date "2008.08.30"]
[Round "9.20"]
[White "Tejedor Ariza, Francisco"]
[Black "Ponce Lopez, Miguel"]
[Result "0-1"]
[WhiteElo "2010"]
[BlackElo "2170"]
[PlyCount "82"]
[EventDate "2008.08.22"]
[EventType "swiss"]
[EventRounds "9"]
[EventCountry "ESP"]
[Source "lmi"]
[SourceDate "2008.08.22"]

1. e4 e5 2. Nf3 Nc6 3. Bb5 a6 4. Bxc6 dxc6 5. d4 exd4 6. Qxd4 Qxd4 7. Nxd4 c5
8. Ne2 Be6 9. Be3 O-O-O 10. Nd2 Nf6 11. f3 Be7 12. Nf4 Bd6 13. Nxe6 fxe6 14.
O-O-O e5 15. Bg5 h6 16. Bxf6 gxf6 17. g4 h5 18. h3 Bf8 19. c4 Bh6 20. Kc2 Rd4
21. b3 Rhd8 22. Nb1 h4 23. Rxd4 cxd4 24. Kd3 c5 25. Na3 Kc7 26. Nc2 b5 27. Ne1
Kc6 28. Ng2 Bg5 29. Rf1 bxc4+ 30. Kxc4 d3 31. Kc3 d2 32. Kc2 Rd4 33. Kd1 c4 34.
bxc4 Rxc4 35. Ke2 Rc1 36. Rd1 Rxd1 37. Kxd1 Kc5 38. f4 exf4 39. Kxd2 f3+ 40.
Ne3 f2 41. Ke2 Bxe3 0-1

[Event "25. Torneo Colllado Villalba"]
[Site "Collado Villalba ESP"]
[Date "2008.08.30"]
[Round "9.21"]
[White "Semprun Martinez, Fernando"]
[Black "Castejon Caballero, Andres"]
[Result "1-0"]
[WhiteElo "2143"]
[BlackElo "1993"]
[PlyCount "69"]
[EventDate "2008.08.22"]
[EventType "swiss"]
[EventRounds "9"]
[EventCountry "ESP"]
[Source "lmi"]
[SourceDate "2008.08.22"]

1. e4 c5 2. Nf3 Nc6 3. d4 cxd4 4. Nxd4 Nf6 5. Nc3 e5 6. Ndb5 d6 7. Bg5 a6 8.
Na3 b5 9. Bxf6 gxf6 10. Nd5 f5 11. g3 Bg7 12. exf5 Bxf5 13. Bg2 Rc8 14. O-O O-O
15. c3 Be6 16. Nc2 f5 17. a4 bxa4 18. Rxa4 a5 19. b4 axb4 20. cxb4 Kh8 21. b5
Ne7 22. Ncb4 e4 23. Nxe7 Qxe7 24. Nc6 Qb7 25. Qb1 Ra8 26. Rxa8 Rxa8 27. Qb4 Bd5
28. Rc1 Bxc6 29. Rxc6 Rb8 30. Rxd6 Be5 31. Rd1 Qa7 32. Bh3 e3 33. Bxf5 exf2+
34. Kg2 Bg7 35. Qh4 1-0

[Event "25. Torneo Colllado Villalba"]
[Site "Collado Villalba ESP"]
[Date "2008.08.30"]
[Round "9.22"]
[White "Collado Barbas, Alberto"]
[Black "Lorite Cruz, Francisco"]
[Result "1/2-1/2"]
[WhiteElo "1948"]
[BlackElo "2108"]
[PlyCount "124"]
[EventDate "2008.08.22"]
[EventType "swiss"]
[EventRounds "9"]
[EventCountry "ESP"]
[Source "lmi"]
[SourceDate "2008.08.22"]

1. d4 Nf6 2. c4 e5 3. d5 Bc5 4. e3 d6 5. Nf3 O-O 6. Nc3 c6 7. h3 a6 8. a4 a5 9.
g4 Bb4 10. Bd2 Na6 11. Rg1 Nc5 12. g5 Ne8 13. Na2 Bxd2+ 14. Nxd2 Bf5 15. Nc3
Qb6 16. b3 Bd3 17. Bxd3 Nxd3+ 18. Ke2 Nc5 19. Qf1 Nc7 20. Qg2 cxd5 21. Nxd5
Nxd5 22. Qxd5 Qc6 23. Qg2 e4 24. Rac1 Rad8 25. f3 d5 26. Rgd1 Nd3 27. Rb1 Rfe8
28. cxd5 exf3+ 29. Qxf3 Qxd5 30. Qxd5 Nf4+ 31. Kf3 Nxd5 32. Nc4 b6 33. Rbc1 f5
34. Rd4 f4 35. exf4 Nb4 36. Rcd1 Rxd4 37. Rxd4 Re1 38. Ne5 Kf8 39. Rd8+ Ke7 40.
Rd7+ Ke6 41. Rxg7 Nd5 42. Ng4 Rb1 43. Rxh7 Rxb3+ 44. Kg2 Nxf4+ 45. Kh2 Kf5 46.
Nf2 Kxg5 47. Rf7 Rb4 48. Rb7 Nd5 49. Rd7 Nc3 50. Kg3 Rxa4 51. Rc7 Nd5 52. Rc6
Ra3+ 53. Kg2 Kf4 54. h4 Rb3 55. h5 Rg3+ 56. Kf1 Rg8 57. h6 Rh8 58. Ke2 Ke5 59.
Nh3 b5 60. Ng5 Kd4 61. Nf3+ Ke4 62. Ng5+ Kd4 1/2-1/2

[Event "25. Torneo Colllado Villalba"]
[Site "Collado Villalba ESP"]
[Date "2008.08.30"]
[Round "9.23"]
[White "Vukotic Jovsic, Dragan"]
[Black "Nieto De La Cruz, Julio"]
[Result "0-1"]
[WhiteElo "2069"]
[BlackElo "1888"]
[PlyCount "80"]
[EventDate "2008.08.22"]
[EventType "swiss"]
[EventRounds "9"]
[EventCountry "ESP"]
[Source "lmi"]
[SourceDate "2008.08.22"]

1. d4 Nf6 2. Nf3 c5 3. c3 g6 4. Bf4 Qb6 5. Qc1 cxd4 6. cxd4 Nc6 7. e3 Bg7 8.
Nc3 d6 9. Bb5 O-O 10. h3 Bf5 11. O-O Ne4 12. Be2 Rac8 13. g4 Nxc3 14. bxc3 Bd7
15. Rb1 Qc7 16. Qd2 Na5 17. c4 Nxc4 18. Bxc4 Qxc4 19. Rxb7 Bc6 20. Rc1 Qd5 21.
e4 Qxe4 22. Rb3 Bd5 23. Re1 Qc2 24. Ra3 Bxf3 25. Rxf3 Qxd2 26. Bxd2 e6 27. Bb4
Rc6 28. Rd1 Rb8 29. a3 d5 30. g5 Rc4 31. Rfd3 Rb5 32. Bc5 a5 33. f4 Bf8 34.
Bxf8 Kxf8 35. Kf2 Rc2+ 36. Ke1 Rbb2 37. Rf3 a4 38. Rdd3 Rh2 39. Rd1 Rh1+ 40.
Rf1 Rxh3 0-1

[Event "25. Torneo Colllado Villalba"]
[Site "Collado Villalba ESP"]
[Date "2008.08.30"]
[Round "9.24"]
[White "Rodrigo Yanguas, Maria"]
[Black "Montanes Arribas, Adrian"]
[Result "1-0"]
[WhiteElo "1999"]
[BlackElo "2034"]
[PlyCount "109"]
[EventDate "2008.08.22"]
[EventType "swiss"]
[EventRounds "9"]
[EventCountry "ESP"]
[Source "lmi"]
[SourceDate "2008.08.22"]

1. e4 c5 2. Nf3 d6 3. d4 cxd4 4. Nxd4 Nf6 5. Nc3 a6 6. Be2 e6 7. O-O Be7 8. f4
O-O 9. Kh1 Nc6 10. Be3 Qc7 11. Qe1 Nxd4 12. Bxd4 b5 13. a3 Bb7 14. Qg3 Bc6 15.
Bd3 Qb7 16. Rae1 b4 17. axb4 Qxb4 18. Ne2 Kh8 19. Bc3 Qc5 20. Nd4 Bb7 21. Qh3
Qh5 22. Qg3 Qc5 23. Nb3 Qc7 24. e5 dxe5 25. fxe5 Nh5 26. Qh3 g6 27. Nd2 Ng7 28.
Ne4 Bxe4 29. Bxe4 Rab8 30. Rxf7 Kg8 31. Rxf8+ Rxf8 32. Qd3 a5 33. Qb5 Bd8 34.
h3 Nh5 35. Bf3 Ng3+ 36. Kh2 Bh4 37. Rd1 Qa7 38. Bd4 Qf7 39. Be3 Nf5 40. Rd7 Qe8
41. Qb7 Bg3+ 42. Kg1 Bxe5 43. Bc5 Rf7 44. Rxf7 Qxf7 45. Qxf7+ Kxf7 46. b3 Bc3
47. Kf2 Nd4 48. Be4 Bb2 49. Ke3 Nf5+ 50. Kd3 e5 51. Bb6 Bd4 52. Bxa5 Ke6 53. c3
Ba7 54. b4 Kd6 55. c4 1-0

[Event "25. Torneo Colllado Villalba"]
[Site "Collado Villalba ESP"]
[Date "2008.08.30"]
[Round "9.25"]
[White "Serrano Nunez, Dario"]
[Black "Pastor Alonso De Prado, Emilio"]
[Result "0-1"]
[WhiteElo "2001"]
[BlackElo "2138"]
[PlyCount "128"]
[EventDate "2008.08.22"]
[EventType "swiss"]
[EventRounds "9"]
[EventCountry "ESP"]
[Source "lmi"]
[SourceDate "2008.08.22"]

1. e4 e5 2. Nf3 Nc6 3. Bb5 Bc5 4. c3 Qf6 5. O-O Nge7 6. d3 a6 7. Ba4 h6 8. Be3
Ba7 9. Bxa7 Rxa7 10. d4 O-O 11. dxe5 Nxe5 12. Nxe5 Qxe5 13. Qd4 Qxd4 14. cxd4
b5 15. Bb3 Nc6 16. Rd1 Re8 17. f3 d6 18. Nc3 Na5 19. Bc2 Nc4 20. b3 Na3 21. Bd3
c5 22. Nb1 Nxb1 23. Raxb1 Rc7 24. Rbc1 Bd7 25. Rc2 Rec8 26. Rdc1 Kf8 27. Kf2
Ke7 28. d5 a5 29. Ke3 g5 30. g4 h5 31. h3 Rh8 32. Bf1 Rb7 33. Rb1 b4 34. Rbc1
a4 35. Rf2 Ra7 36. Rb1 axb3 37. axb3 Ra3 38. Rc2 Ba4 39. Rcb2 Kf6 40. Kf2 Bd7
41. Ke3 Rha8 42. Bc4 Ke5 43. Rg1 Ra1 44. Rxa1 Rxa1 45. Kf2 Kf4 46. Kg2 f6 47.
Re2 h4 48. e5 f5 49. exd6 Rd1 50. Kf2 Rh1 51. Kg2 Rc1 52. Re7 Rc2+ 53. Re2
Rxe2+ 54. Bxe2 Ke5 55. Bc4 f4 56. Kf2 Kxd6 57. Ke2 Be8 58. Kd2 Bf7 59. Kc2 Bxd5
60. Be2 Ke5 61. Bd1 Kd4 62. Kd2 c4 63. bxc4 Bxc4 64. Bc2 Bf1 0-1

[Event "25. Torneo Colllado Villalba"]
[Site "Collado Villalba ESP"]
[Date "2008.08.30"]
[Round "9.26"]
[White "Martin Martin, Luis Vicente"]
[Black "Vazquez Torres, Adrian"]
[Result "1-0"]
[WhiteElo "2094"]
[BlackElo "1981"]
[PlyCount "77"]
[EventDate "2008.08.22"]
[EventType "swiss"]
[EventRounds "9"]
[EventCountry "ESP"]
[Source "lmi"]
[SourceDate "2008.08.22"]

1. e4 c5 2. Nf3 d6 3. d4 cxd4 4. Qxd4 Nc6 5. Bb5 Bd7 6. Bxc6 Bxc6 7. Nc3 Nf6 8.
Bg5 e6 9. O-O-O Be7 10. Rhe1 O-O 11. e5 Bxf3 12. exf6 gxf6 13. Rd3 fxg5 14.
Rxf3 e5 15. Qe4 Qd7 16. g4 Kg7 17. Nd5 Bd8 18. Ne3 f6 19. Rd1 Bc7 20. h4 Rad8
21. Rh3 Kg8 22. hxg5 fxg5 23. Rdh1 Rf7 24. Rh5 Rg7 25. Nf5 d5 26. Qg2 Rg6 27.
Rxh7 Qxh7 28. Rxh7 Kxh7 29. Qh1+ Kg8 30. Ne7+ Kg7 31. Nxg6 Kxg6 32. Qh5+ Kf6
33. Qh6+ Ke7 34. Qxg5+ Kd6 35. Qf6+ Kc5 36. g5 Rd6 37. Qf7 Bd8 38. g6 Rf6 39.
Qe8 1-0

[Event "25. Torneo Colllado Villalba"]
[Site "Collado Villalba ESP"]
[Date "2008.08.30"]
[Round "9.27"]
[White "Sanchez Garcia, Manuel"]
[Black "Barahona Torrijos, Angel"]
[Result "1/2-1/2"]
[WhiteElo "2062"]
[BlackElo "1958"]
[PlyCount "86"]
[EventDate "2008.08.22"]
[EventType "swiss"]
[EventRounds "9"]
[EventCountry "ESP"]
[Source "lmi"]
[SourceDate "2008.08.22"]

1. c4 e6 2. d4 d5 3. Nc3 Nf6 4. Nf3 Bb4 5. Bg5 O-O 6. e3 Nbd7 7. Bd3 c5 8. O-O
Qa5 9. cxd5 exd5 10. Ne2 c4 11. Bc2 Ne4 12. Bf4 Ndf6 13. a3 Bd6 14. Bxd6 Nxd6
15. Ne5 Nfe4 16. Ng3 f6 17. Nxe4 dxe4 18. Nxc4 Nxc4 19. Bxe4 Nd6 20. b4 Qg5 21.
Bf3 Be6 22. Rc1 Bc4 23. Re1 Rac8 24. e4 b5 25. Re3 f5 26. e5 Ne4 27. d5 Qd8 28.
d6 Be6 29. Rxc8 Qxc8 30. Bxe4 fxe4 31. Rxe4 Qc6 32. Rd4 Rc8 33. h3 Qd7 34. g4
Rc3 35. Rd3 Rc4 36. Qd2 Qc6 37. Kh2 Rc1 38. d7 Qh1+ 39. Kg3 Rg1+ 40. Kf4 Qh2+
41. Ke4 Qh1+ 42. Kf4 Qh2+ 43. Ke4 Qh1+ 1/2-1/2

[Event "25. Torneo Colllado Villalba"]
[Site "Collado Villalba ESP"]
[Date "2008.08.30"]
[Round "9.28"]
[White "Hernandez Yanez, Javier"]
[Black "Spitzer Isbert, Ramon"]
[Result "1/2-1/2"]
[WhiteElo "1974"]
[BlackElo "2051"]
[PlyCount "132"]
[EventDate "2008.08.22"]
[EventType "swiss"]
[EventRounds "9"]
[EventCountry "ESP"]
[Source "lmi"]
[SourceDate "2008.08.22"]

1. d4 Nf6 2. Nf3 g6 3. Bf4 Bg7 4. e3 O-O 5. Bd3 d6 6. O-O c5 7. c3 b6 8. e4 Bb7
9. d5 Nbd7 10. Nbd2 Ne8 11. Re1 Nc7 12. Nc4 Ba6 13. Ne3 Bxd3 14. Qxd3 b5 15. c4
Rb8 16. Rab1 a6 17. b3 Rb7 18. Nd2 b4 19. Nf3 Ne8 20. Ng4 h5 21. Nh6+ Kh8 22.
e5 dxe5 23. Nxe5 Nxe5 24. Bxe5 Kh7 25. Nf5 gxf5 26. Qxf5+ Kg8 27. Qxh5 Rb6 28.
Bxg7 Nxg7 29. Qg5 Re8 30. Re3 Rg6 31. Qe5 Qd6 32. Rbe1 Qxe5 33. Rxe5 Kf8 34. h4
Rh6 35. g3 Rh5 36. R5e4 Rh6 37. Re5 f6 38. R5e4 Nf5 39. Kg2 Rh7 40. Kh3 a5 41.
Re6 Nd6 42. g4 a4 43. f4 axb3 44. axb3 Ra8 45. g5 fxg5 46. fxg5 Ra6 47. R1e3
Ra1 48. g6 Rh1+ 49. Kg2 R7xh4 50. g7+ Kxg7 51. Rxe7+ Kf8 52. R7e6 R4h2+ 53. Kf3
Rh3+ 54. Kf4 Rf1+ 55. Kg4 Rxe3 56. Rxe3 Nf5 57. Re5 Nd4 58. d6 Nxb3 59. d7 Rd1
60. Re8+ Kf7 61. d8=Q Rxd8 62. Rxd8 Na5 63. Rc8 Nxc4 64. Rxc5 Nd6 65. Kf4 b3
66. Rc3 Ke6 1/2-1/2

[Event "25. Torneo Colllado Villalba"]
[Site "Collado Villalba ESP"]
[Date "2008.08.30"]
[Round "9.29"]
[White "Sotoca Aguado, Jose"]
[Black "Tarin Casado, Francisco"]
[Result "0-1"]
[WhiteElo "2040"]
[BlackElo "1815"]
[PlyCount "100"]
[EventDate "2008.08.22"]
[EventType "swiss"]
[EventRounds "9"]
[EventCountry "ESP"]
[Source "lmi"]
[SourceDate "2008.08.22"]

1. e4 c6 2. d4 d5 3. Nc3 dxe4 4. Nxe4 Bf5 5. Ng3 Bg6 6. Nf3 Nd7 7. h4 h6 8. h5
Bh7 9. Bd3 Bxd3 10. Qxd3 e6 11. Bf4 Qa5+ 12. Bd2 Qc7 13. O-O-O O-O-O 14. Qe2
Ngf6 15. Kb1 Bd6 16. Ne4 Nxe4 17. Qxe4 Nf6 18. Qe2 Rhe8 19. Ne5 c5 20. Bf4 Nd5
21. Bg3 f6 22. Nc4 Bxg3 23. fxg3 cxd4 24. Rxd4 Kb8 25. Rhd1 Rc8 26. Na3 Qxg3
27. c4 Nf4 28. Qd2 e5 29. Rd7 Qxg2 30. Qd6+ Ka8 31. Nb5 Ne6 32. Qa3 a6 33. Nd6
Nd4 34. Qa4 Red8 35. Nxc8 Rxc8 36. a3 Qe2 37. Rc1 Qxh5 38. Rxg7 Qf5+ 39. Ka2 h5
40. Qb4 Rb8 41. Qe7 Qf4 42. Rc3 Nf5 43. Qxf6 Nxg7 44. Qxg7 Rc8 45. c5 Qe4 46.
Qd7 Qc6 47. Qf5 Qd5+ 48. Kb1 Rg8 49. Qxh5 Rg1+ 50. Rc1 Qe4+ 0-1

[Event "25. Torneo Colllado Villalba"]
[Site "Collado Villalba ESP"]
[Date "2008.08.30"]
[Round "9.30"]
[White "Pardo Robles, Jose Manuel"]
[Black "Garcia Galeote, Lorenzo"]
[Result "0-1"]
[WhiteElo "1960"]
[BlackElo "2037"]
[PlyCount "118"]
[EventDate "2008.08.22"]
[EventType "swiss"]
[EventRounds "9"]
[EventCountry "ESP"]
[Source "lmi"]
[SourceDate "2008.08.22"]

1. e4 Nc6 2. d4 d5 3. Nc3 Nf6 4. e5 Nd7 5. Nf3 Nb6 6. h3 Bf5 7. Nh4 Bg6 8. e6
Qd6 9. exf7+ Bxf7 10. Be2 O-O-O 11. O-O h6 12. a4 Qf6 13. Nf3 g5 14. a5 Nc4 15.
b3 Nd6 16. b4 Ne4 17. Na4 h5 18. b5 Nb8 19. Ne5 b6 20. axb6 axb6 21. f3 Ng3 22.
Rf2 Be8 23. Bd3 e6 24. Ba3 Bd6 25. Qe1 Qf4 26. Qc3 Bxa3 27. Nxb6+ Kb7 28. Qxa3
cxb6 29. Qa7+ Kc8 30. Qxb6 Qf8 31. Qxe6+ Bd7 32. Qb6 Rh6 33. Qa5 Qf6 34. c4 Qb6
35. c5 Qxa5 36. Rxa5 Rf8 37. b6 Rf4 38. Nxd7 Kxd7 39. Bb5+ Kc8 40. Rd2 Re6 41.
Ra1 h4 42. Bd3 Rxd4 43. Ba6+ Nxa6 44. Rxd4 Ne2+ 45. Kf2 Nxd4 46. Rxa6 Re2+ 47.
Kf1 Rc2 48. Ra8+ Kb7 49. Ra7+ Kb8 50. Rg7 Rxc5 51. Rxg5 Nb3 52. Kf2 Kb7 53. Rg4
Rc4 54. f4 d4 55. f5 Rc2+ 56. Ke1 d3 57. Rg7+ Kxb6 58. Re7 d2+ 59. Ke2 Rc1 0-1

[Event "25. Torneo Colllado Villalba"]
[Site "Collado Villalba ESP"]
[Date "2008.08.30"]
[Round "9.31"]
[White "Martinez Alvira, Santiago"]
[Black "Rodriguez De Robles, Ignacio"]
[Result "1-0"]
[WhiteElo "1967"]
[BlackElo "2006"]
[PlyCount "115"]
[EventDate "2008.08.22"]
[EventType "swiss"]
[EventRounds "9"]
[EventCountry "ESP"]
[Source "lmi"]
[SourceDate "2008.08.22"]

1. e4 g6 2. d4 Bg7 3. Nc3 c6 4. Bc4 d6 5. Qf3 f5 6. Bxg8 Rxg8 7. Nge2 Qb6 8.
O-O Bxd4 9. Na4 Qb4 10. c3 Bxf2+ 11. Qxf2 Qxa4 12. Nd4 c5 13. exf5 cxd4 14.
fxg6 Rxg6 15. Qf7+ Kd7 16. Qxh7 Re6 17. Bg5 Qb5 18. h4 Nc6 19. Rae1 Re2 20.
cxd4 Qxb2 21. Rxe2 Qxe2 22. d5 Nd8 23. Qf5+ Kc7 24. Rc1+ Nc6 25. Qf7 Bd7 26.
dxc6 bxc6 27. Qxe7 Re8 28. Qf7 Rb8 29. Qf2 Qxf2+ 30. Kxf2 Rb2+ 31. Kf3 Rxa2 32.
Rc3 c5 33. g3 a5 34. h5 Rh2 35. h6 Rh5 36. Kf4 Kc6 37. Re3 d5 38. Re7 a4 39. h7
a3 40. Bf6 Rf5+ 41. Ke3 d4+ 42. Ke4 a2 43. Rxd7 a1=Q 44. Kxf5 Qf1+ 45. Kg5 Qc1+
46. Kg6 Qc2+ 47. Kg7 Kxd7 48. h8=Q d3 49. Qd8+ Kc6 50. Bg5 c4 51. Qd4 Kb5 52.
g4 c3 53. Qd5+ Ka4 54. Be7 Qb3 55. Qxd3 Qe6 56. Qd4+ Kb3 57. Bf6 c2 58. Qc3+
1-0